Supreme audit institutions in different countries (Record no. 355316)

000 -LEADER
fixed length control field 00329cam a22001217a 4500
008 - FIXED-LENGTH DATA ELEMENTS--GENERAL INFORMATION
fixed length control field 180718b1991 xxu||||| |||| 00| 0 eng d
082 ## - DEWEY DECIMAL CLASSIFICATION NUMBER
Classification number L9 Sw25
100 ## - MAIN ENTRY--PERSONAL NAME
Personal name Swaroop, S.N.
245 ## - TITLE STATEMENT
Title Supreme audit institutions in different countries
Statement of responsibility, etc. by S.N. Swaroop
260 ## - PUBLICATION, DISTRIBUTION, ETC.
Place of publication, distribution, etc. Delhi
Name of publisher, distributor, etc. Ashiah
Date of publication, distribution, etc. 1991
300 ## - PHYSICAL DESCRIPTION
Extent 583p.
650 ## - SUBJECT ADDED ENTRY--TOPICAL TERM
Topical term or geographic name entry element Auditing
Holdings
Withdrawn status Lost status Damaged status Not for loan Permanent Location Current Location Date acquired Full call number Barcode Date last seen Price effective from Koha item type
        Indian Institute of Public Administration Indian Institute of Public Administration 1993-12-17 L9 Sw25 65311 2018-07-21 2018-07-21 Book

Powered by Koha